| 000 | 00391nam a22001337a 4500 | ||
|---|---|---|---|
| 005 | 20250513102215.0 | ||
| 008 | 250513b |||||||| |||| 00| 0 eng d | ||
| 041 | _aeng | ||
| 100 |
_aSANT SURENDRA DAS BABA JI _98636 |
||
| 245 | _aJAGAT GURU RAVIDAS MAHARAJ JI PAWAN JIVAN KATHAYEN | ||
| 260 |
_aJALANDHAR _bRAVIDASIYA DHARAM PRACHAR AASTHAN KAHANPUR _c2025 |
||
| 300 | _a168;P | ||
| 942 | _cBK | ||
| 999 |
_c8769 _d8767 |
||